De la verdad y de la interpretación: fundamentales contribuciones a la filosofía del lenguaje
Saved in:
| Hovedforfatter: | |
|---|---|
| Format: | Bog |
| Sprog: | spansk |
| Udgivet: |
Barcelona
Gedisa
1990
|
| Serier: | Serie CLA.DE.MA. Filosofía - Lingüística
|
| Fag: | |
| Tags: |
Tilføj Tag
Ingen Tags, Vær først til at tagge denne postø!
|
MARC
| LEADER | 00000nam a2200000 a 4500 | ||
|---|---|---|---|
| 001 | UCO8761 | ||
| 003 | CL-VaPUC | ||
| 008 | 010105e19900000SP |||||||||||||||||spa|d | ||
| 082 | 0 | 4 | |a 401 |b DAV |2 21 |
| 100 | 0 | |a Davidson, Donald |e author |9 323453 | |
| 245 | 1 | 0 | |a De la verdad y de la interpretación: fundamentales contribuciones a la filosofía del lenguaje |
| 300 | |a 286 p | ||
| 942 | |c BK | ||
| 945 | |d 20010105 00:00:00 |a cmena | ||
| 260 | |a Barcelona |b Gedisa |c 1990 | ||
| 650 | 0 | |a Filosofía del lenguaje |9 257082 | |
| 650 | 0 | |a Crítica e interpretación |9 255042 | |
| 650 | 0 | |a Lingüística |9 265068 | |
| 650 | 0 | |a Semántica |9 265318 | |
| 583 | |a last modification |c 20010105 00:00:00 |k Rodrigo Vera | ||
| 490 | 0 | |a Serie CLA.DE.MA. Filosofía - Lingüística | |
| 999 | |c 293229 |d 293227 | ||
| 952 | |0 0 |1 0 |4 0 |6 401_000000000000000_DAV_1990 |7 0 |8 A |9 344630 |a FDOPOS |b FDOPOS |d 2019-11-20 |i 3676757 |o 401 DAV 1990 |p 3676757 |r 2025-01-22 |w 2019-11-20 |y BK |k MLA | ||
| 952 | |0 0 |1 0 |4 0 |6 401_000000000000000_DAV_1990 |7 0 |8 A |9 344631 |a FDOPOS |b FDOPOS |d 2019-11-20 |i 3842614 |o 401 DAV 1990 |p 3842614 |r 2025-01-22 |w 2019-11-20 |y BK |k MLA | ||
| 952 | |0 0 |1 0 |4 0 |6 401_000000000000000_DAV_1990 |7 0 |8 A |9 344632 |a FDOPOS |b FDOPOS |d 2019-11-20 |i 3962458 |o 401 DAV 1990 |p 3962458 |r 2025-01-22 |w 2019-11-20 |y BK |k MLA | ||
| 952 | |0 0 |1 0 |4 0 |6 401_000000000000000_DAV_1990 |7 0 |8 A |9 344633 |a FDOPOS |b FDOPOS |d 2019-11-20 |i 4312090 |o 401 DAV 1990 |p 4312090 |r 2025-01-22 |w 2019-11-20 |y BK |k MLA | ||